Glamour

Bibliographic Details
Previous Title:Glamour of Hollywood
Charm
Mademoiselle
Self
Format: Electronic Journal
Language:English
Published: Greenwich, Conn. : Condé Nast Publications, ©1941-
New York, NY : [Condé Nast]
Los Angeles, CA : Condé Nast
New York, NY :
Subjects:
Online Access:Full text available from Research Library: 09/01/2018 to 01/31/2019

MARC

LEADER 00000nas a2200000 a 4500
001 ssj0007071
003 WaSeSS
005 20200512172242.0
006 m d
007 cr n
008 790810d19412019nyumn p s 0 a0eng c
010 |a  43033892   |z sn 79007438  
016 |a (AMICUS)000002839517 
022 |l 0017-0747  |y 0017-0747 
032 |a 489230  |b USPS 
035 |a (WaSeSS)ssj0007071 
040 |a NSD  |b eng  |c NSD  |d PIT  |d AIP  |d IUL  |d AIP  |d NST  |d NSD  |d NST  |d OCL  |d DLC  |d MYG  |d WAU  |d OCLCQ  |d CDS  |d DLC  |d OCLCQ  |d NTE  |d OCLCF  |d OCLCO  |d OVY  |d OCLCO  |d FEM  |d TPA  |d OCLCQ  |d AVA  |d OCLCO  |d RIHPL  |d NLC  |d IUL  |d DLC  |d CPO  |d OCLCO  |d GYI  |d OCLCO  |d OCLCQ  |d CSA  |d OCLCQ  |d OCLCO  |d WaSeSS 
042 |a nsdp  |a pcc 
050 0 0 |a TT500  |b .G46 
210 0 |a Glamour 
222 0 |a Glamour 
245 0 0 |a Glamour  |h [electronic resource]. 
260 |a Greenwich, Conn. :  |b Condé Nast Publications,  |c ©1941- 
260 2 |3 <1998-> :  |a New York, NY :  |b [Condé Nast] 
260 2 |3 <2002-> :  |a Los Angeles, CA :  |b [Condé Nast] 
260 3 |3 <2018-> :  |a New York, NY :  |b Condé Nast 
310 |a Eleven numbers a year (with a combined June/July issue),  |b 2018- 
321 |a Monthly,  |b -2017 
362 0 |a Vol. 5, no. 2 (on sale Apr. 1, 1941)- 
362 1 |a Ceased with January 2019 issue. 
500 |a Title from cover. 
500 |a Vol. 5, no. 2 called: Career girl no. 
506 |a License restrictions may limit access. 
515 |a Issues for <1998> lack vol. numbering. 
580 |a Has supplement. 
588 1 |a Vol. 116, no. 5 (May 2018). 
650 0 |a Beauty, Personal  |v Periodicals. 
650 0 |a Fashion  |v Periodicals. 
650 7 |a Beauty, Personal.  |2 fast  |0 (OCoLC)fst00829396 
650 7 |a Fashion.  |2 fast  |0 (OCoLC)fst00921600 
655 0 |a Electronic journals. 
770 0 |t Fashion rocks  |x 1935-0961  |w (DLC) 2006207416  |w (OCoLC)64768799 
776 0 8 |i Microfilm version:  |t Glamour  |x 0017-0747  |w (OCoLC)6211985 
780 0 0 |t Glamour of Hollywood  |w (DLC) 2001206627  |w (OCoLC)46969619 
780 0 5 |t Charm  |g Nov. 1959  |w (DLC) 2016269249  |w (OCoLC)25777613 
780 0 5 |t Mademoiselle  |g Jan. 2002  |x 0024-9394  |w (DLC) 41020669  |w (OCoLC)1715227 
780 0 5 |t Self  |g Mar. 2017  |x 0149-0699  |w (DLC) 79643151  |w (OCoLC)4268816 
850 |a CLSU  |a DLC  |a GEU  |a InU  |a MdU  |a MiD  |a MoU  |a NIC  |a NNStJ  |a ViBlbV 
853 2 0 |8 1  |a v.  |b no.  |u 12  |v r  |i (year)  |j (month)  |m m  |x 01 
856 4 0 |z Full text available from Research Library: 09/01/2018 to 01/31/2019  |u https://search.proquest.com/publication/40647 
863 4 1 |8 1.1  |a <101>  |b <7>  |i <2003 >  |j <07>